Statistics for Caribbean Countries - Tile Select Quiz.

Click here to take the quiz!

General Stats

  • This quiz has been taken 53 times
    (28 since last reset)
  • The average score is 20 of 25

Answer Stats

QuestionTileSelect% Correct
Select all the countries in the Caribbean.No
100%
Select all the countries in the Caribbean.No
100%
Select all the countries in the Caribbean.No
100%
Select all the countries in the Caribbean.No
100%
Select all the countries in the Caribbean.No
100%
Select all the countries in the Caribbean.No
100%
Select all the countries in the Caribbean.No
96%
Select all the countries in the Caribbean.No
96%
Select all the countries in the Caribbean.No
96%
Select all the countries in the Caribbean.No
92%
Select all the countries in the Caribbean.Yes
83%
Select all the countries in the Caribbean.Yes
83%
Select all the countries in the Caribbean.Yes
83%
Select all the countries in the Caribbean.Yes
75%
Select all the countries in the Caribbean.Yes
75%
Select all the countries in the Caribbean.No
75%
Select all the countries in the Caribbean.Yes
75%
Select all the countries in the Caribbean.Yes
67%
Select all the countries in the Caribbean.Yes
63%
Select all the countries in the Caribbean.Yes
58%
Select all the countries in the Caribbean.Yes
54%
Select all the countries in the Caribbean.Yes
50%
Select all the countries in the Caribbean.Yes
50%
Select all the countries in the Caribbean.Yes
42%
Select all the countries in the Caribbean.Yes
38%

Score Distribution

Percentile by Number Answered

Percent of People with Each Score

Your Score History

You have not taken this quiz since the last reset